| 000 | 00988nam a2200289Ia 4500 | ||
|---|---|---|---|
| 001 | H5770 | ||
| 003 | IT-RoPAU | ||
| 008 | 130308s9999 xx 000 0 und d | ||
| 040 | _aIT-RoPAU | ||
| 040 | _cIT-RoPAU | ||
| 041 | _aITALIANO | ||
| 100 | _aOgna Laura | ||
| 100 | _gCodice Aut. SPICS: 58243 | ||
| 245 | _aTg under 16 (Un): il gt ragazzi (Rai Tre) | ||
| 245 | _bSpeciale Tg. forme e Tecniche del Giornalismo Televisivo | ||
| 250 | _a4a ed. | ||
| 260 | _aNOVARA | ||
| 260 | _bInterlinea | ||
| 260 | _c2005 [1° Ed.:1997 - Ed.Ling.Originale:1997] | ||
| 300 | _a"12 p. (prefazione: no ; testo: 12 [pagine: 161-172])" | ||
| 500 | _aFigli della Comunicazione. C'Era una Volta. immagine Prevale Sulla Parola.Mezzobusto a Figura Intera, Analisi dei Conduttori e delle Scenografie. Abitanti del Presente: la Guerra in Tv. rappresentazione del Mondo. | ||
| 650 | _aGENERI TELEVISIVI | ||
| 650 | _eCodice materia Spics: 6960 | ||
| 942 | _cBK | ||
| 957 | _71 | ||
| 999 |
_c84863 _d84863 |
||
| 999 | _g1 | ||